| 000 | 00537 a2200157 4500 | ||
|---|---|---|---|
| 999 |
_c765 _d765 |
||
| 020 | _a9781506386591 | ||
| 050 | _aLB1028 JOH 2017 | ||
| 100 |
_aJohnson, Burke, _eauthor |
||
| 245 |
_aEducational research : _bquantitative, qualitative, and mixed approaches / _cR. Burke Johnson, |
||
| 264 |
_aThousand Oaks, Califonia : _bSage, _c2017 |
||
| 300 | _a709p. | ||
| 500 | _aIncludes bibliographical references and indexes | ||
| 650 |
_aEducation _xResearch |
||
| 700 |
_aChristensen, Larry B., _eauthor |
||
| 942 |
_2lcc _cBK _e6th ed. _h1028 _iLB _k2017 |
||